La lectoescritura en la educación básica: material de apoyo conceptos y metodología 1º y 2º año

Guardat en:
Dades bibliogràfiques
Autors principals: Gómez Sierpe, Daisy (Autor), Marchant González, María Teresa (Autor), Reyes Soto, René (Autor), Ruíz Betancur, Gerardo (Autor)
Format: Llibre
Idioma:espanyol
Publicat: Santiago CPEIP 1992
Matèries:
Etiquetes: Afegir etiqueta
Sense etiquetes, Sigues el primer a etiquetar aquest registre!

MARC

LEADER 00000nam a2200000 a 4500
001 UCY5562
003 CL-VaPUC
008 950511e19920000CL |||||||||||||||||spa|d
082 0 4 |a 372.41  |b GOM  |2 21 
100 0 |a Gómez Sierpe, Daisy  |e author  |9 334460 
700 0 |a Marchant González, María Teresa  |e author  |9 334461 
700 0 |a Reyes Soto, René  |e author  |9 334462 
700 0 |a Ruíz Betancur, Gerardo  |e author  |9 334463 
245 1 3 |a La lectoescritura en la educación básica: material de apoyo conceptos y metodología 1º y 2º año 
300 |a 132 p 
942 |c BK 
945 |d 19950511 00:00:00  |a rbrito 
260 |a Santiago  |b CPEIP  |c 1992 
650 0 |a Aprendizaje   |9 254827 
650 0 |a Lectura  |9 307634 
650 0 |a Educación básica   |9 224933 
650 0 |a Métodos de aprendizaje  |9 334464 
650 0 |a Lectoescritura  |9 309175 
583 |a last modification  |c 20170816 04:15:41  |k Rodrigo Vera 
999 |c 233204  |d 233202 
952 |0 0  |1 0  |4 0  |6 372_410000000000000_GOM_1992  |7 0  |8 A  |9 238526  |a BIBEDU  |b BIBEDU  |d 2019-11-18  |i 3084345  |o 372.41 GOM 1992  |p 3084345  |r 2019-11-18  |w 2019-11-18  |y BK  |k EPE 
952 |0 0  |1 0  |4 0  |6 372_410000000000000_GOM_1992  |7 0  |8 A  |9 238527  |a BIBEDU  |b BIBEDU  |d 2019-11-18  |i 4031873  |o 372.41 GOM 1992  |p 4031873  |r 2019-11-18  |w 2019-11-18  |y BK  |k BME